[Event "Cavarzere op 15th"]
[Site "Cavarzere"]
[Date "2012.10.20"]
[Round "1"]
[White "De Marchi, Alessandro"]
[Black "Basso, Pier Luigi"]
[Result "0-1"]
[WhiteElo "1723"]
[BlackElo "2105"]
[PlyCount "48"]
[EventDate "2012.10.20"]
[EventType "swiss"]
[EventRounds "6"]
[EventCountry "ITA"]
[SourceTitle "EXT 2015"]
[Source "ChessBase"]
[SourceDate "2014.11.20"]
[SourceVersion "1"]
[SourceVersionDate "2014.11.20"]
[SourceQuality "1"]

1. d4 Nf6 2. g3 e6 3. Bg2 c5 4. e3 Nc6 5. Ne2 d5 6. 0-0 Be7 7. b3 0-0 8. Bb2 b6 9. c4 Bb7 10. cxd5 Nxd5 11. e4 Nf6 12. dxc5 Bxc5 13. Nbc3 Nb4 14. a3 Nd3 15. Qc2 Nxf2 16. Rxf2 Ng4 17. Nd1 Rc8 18. Bc3 Ba6 19. Rc1 Qg5 20. b4 Bxf2+ 21. Nxf2 Qe3 22. Bd4 Rxc2 23. Bxe3 Nxe3 24. Rxc2 Nxc2 0-1

[Event "Cavarzere op 14th"]
[Site "Cavarzere"]
[Date "2011.10.22"]
[Round "4.22"]
[White "De Marchi, Alessandro"]
[Black "Scandiuzzi, Roberto"]
[Result "1-0"]
[WhiteElo "1693"]
[BlackElo "1320"]
[PlyCount "109"]
[EventDate "2011.10.15"]
[EventType "swiss"]
[EventRounds "6"]
[EventCountry "ITA"]
[SourceTitle "EXT 2023"]
[Source "ChessBase"]
[SourceDate "2022.10.05"]
[SourceVersion "1"]
[SourceVersionDate "2022.10.05"]
[SourceQuality "1"]

1. e4 d6 2. d4 Nf6 3. Nc3 c6 4. Nf3 Bg4 5. h3 Bh5 6. Be2 e6 7. Be3 Be7 8. Qd2 d5 9. e5 Ne4 10. Nxe4 dxe4 11. Ng1 Bg6 12. 0-0-0 0-0 13. f4 exf3 14. Nxf3 f5 15. Ng5 Qd5 16. c4 Qd7 17. Rhf1 Bxg5 18. Bxg5 Na6 19. Bf3 h6 20. Be3 Qe7 21. Qa5 Qb4 22. Qxb4 Nxb4 23. a3 f4 24. axb4 fxe3 25. Rfe1 Rf4 26. Rxe3 Rd8 27. Bg4 Bf7 28. Red3 Rf2 29. R3d2 Rxd2 30. Rxd2 h5 31. Bf3 g6 32. Kc2 Be8 33. Kc3 Rc8 34. Be4 Kg7 35. b3 b5 36. Ra2 Rc7 37. g4 h4 38. g5 Bd7 39. Rf2 Be8 40. Rf6 Bf7 41. Rf4 bxc4 42. bxc4 Be8 43. Rxh4 Rf7 44. Rg4 Rf1 45. Rg2 Re1 46. Bd3 Re3 47. h4 Rh3 48. Ra2 Rxh4 49. Rxa7+ Kf8 50. b5 cxb5 51. cxb5 Rh3 52. Rb7 Rh5 53. Rb8 Rxg5 54. b6 Rg1 55. b7 1-0

[Event "Mogliano Veneto op-B 32nd"]
[Site "Mogliano Veneto"]
[Date "2011.05.01"]
[Round "4"]
[White "Aprile, Martino"]
[Black "De Marchi, Alessandro"]
[Result "1-0"]
[WhiteElo "1891"]
[BlackElo "1693"]
[PlyCount "61"]
[EventDate "2011.04.29"]
[EventType "swiss"]
[EventRounds "5"]
[EventCountry "ITA"]
[SourceTitle "EXT 2024"]
[Source "ChessBase"]
[SourceDate "2023.10.10"]
[SourceVersion "1"]
[SourceVersionDate "2023.10.10"]
[SourceQuality "1"]

1. e4 c5 2. Nc3 Nc6 3. f4 e6 4. Nf3 Qc7 5. d3 a6 6. Ne2 d5 7. e5 Nh6 8. Ng3 b5 9. c3 Bb7 10. a3 0-0-0 11. d4 cxd4 12. cxd4 Qb6 13. Be3 Kb8 14. h3 f6 15. Be2 Nf7 16. 0-0 fxe5 17. fxe5 Nfxe5 18. Kh1 Nxf3 19. Rxf3 g6 20. Rf6 e5 21. Rc1 Bd6 22. Nf1 exd4 23. Bg1 Ka8 24. Bf3 Be5 25. Re6 Bg7 26. Qb3 Na5 27. Rxb6 Nxb3 28. Rc7 Bc8 29. Rxg7 Rhe8 30. Bh2 Bd7 31. Bxd5+ 1-0

[Event "Mogliano Veneto op-B 32nd"]
[Site "Mogliano Veneto"]
[Date "2011.04.30"]
[Round "3"]
[White "De Marchi, Alessandro"]
[Black "Maddaloni, Giovanni"]
[Result "0-1"]
[WhiteElo "1693"]
[BlackElo "1827"]
[PlyCount "24"]
[EventDate "2011.04.29"]
[EventType "swiss"]
[EventRounds "5"]
[EventCountry "ITA"]
[SourceTitle "EXT 2024"]
[Source "ChessBase"]
[SourceDate "2023.10.10"]
[SourceVersion "1"]
[SourceVersionDate "2023.10.10"]
[SourceQuality "1"]

1. d4 Nf6 2. Nc3 d6 3. e4 g6 4. Be2 Bg7 5. Be3 c6 6. f4 Qa5 7. Kf2 0-0 8. Nf3 Nbd7 9. e5 dxe5 10. Nxe5 Nd5 11. Nxd5 Qxd5 12. c4 Qa5 0-1

[Event "Padova op-A 13th"]
[Site "Padova"]
[Date "2010.12.15"]
[Round "5.15"]
[White "Antoniacci, Ricardo"]
[Black "De Marchi, Alessandro"]
[Result "1-0"]
[WhiteElo "1923"]
[BlackElo "1666"]
[PlyCount "77"]
[EventDate "2010.12.12"]
[EventType "swiss"]
[EventRounds "9"]
[EventCountry "ITA"]
[SourceTitle "EXT 2024"]
[Source "ChessBase"]
[SourceDate "2023.10.10"]
[SourceVersion "1"]
[SourceVersionDate "2023.10.10"]
[SourceQuality "1"]

1. e4 c5 2. Nf3 e6 3. d3 Nc6 4. g3 g6 5. Bg2 Bg7 6. 0-0 Nge7 7. Nc3 0-0 8. Be3 d6 9. Qd2 Qa5 10. Bh6 b5 11. Bxg7 Kxg7 12. e5 d5 13. a4 b4 14. Nb5 a6 15. Nd6 Bd7 16. Qe3 Nf5 17. Nxf5+ exf5 18. d4 Rfe8 19. Rfd1 cxd4 20. Nxd4 Nxe5 21. Nb3 Qc7 22. Rxd5 Bc6 23. Rc5 Bxg2 24. Rxc7 Bd5 25. Qd4 Rad8 26. Rd1 Bxb3 27. Qxd8 Nf3+ 28. Kg2 Rxd8 29. Rxd8 Ne1+ 30. Kf1 Nxc2 31. a5 Ba4 32. Ra8 Bb5+ 33. Kg1 Nd4 34. f4 Nb3 35. Raa7 Nxa5 36. Rxf7+ Kg8 37. Rg7+ Kf8 38. Rxh7 Kg8 39. Rhc7 1-0

[Event "Noale Szabados Memorial-B 3rd"]
[Site "Noale"]
[Date "2010.02.06"]
[Round "2"]
[White "Bergo, Luca"]
[Black "De Marchi, Alessandro"]
[Result "1/2-1/2"]
[WhiteElo "1853"]
[BlackElo "1630"]
[PlyCount "81"]
[EventDate "2010.02.05"]
[EventType "swiss"]
[EventRounds "5"]
[EventCountry "ITA"]
[SourceTitle "EXT 2022"]
[Source "ChessBase"]
[SourceDate "2021.10.06"]
[SourceVersion "1"]
[SourceVersionDate "2021.10.06"]
[SourceQuality "1"]

1. c4 Nf6 2. Nc3 g6 3. g3 Bg7 4. Bg2 0-0 5. e4 d6 6. d3 c6 7. Nge2 Bd7 8. 0-0 Qc8 9. Rb1 Bh3 10. b4 Bxg2 11. Kxg2 Na6 12. h3 e5 13. Bd2 Nh5 14. f4 exf4 15. Nxf4 Nxf4+ 16. Rxf4 Nc7 17. Rf3 Ne6 18. Ne2 Nd4 19. Nxd4 Bxd4 20. Qf1 Qe6 21. a4 Rfe8 22. b5 Rab8 23. Bf4 f6 24. g4 Be5 25. Be3 c5 26. Rf2 Kg7 27. Qc1 g5 28. Rf5 h6 29. Qd2 Kg6 30. Rbf1 b6 31. R1f3 Ra8 32. a5 Rh8 33. a6 h5 34. Bxg5 hxg4 35. Rxf6+ Bxf6 36. Rxf6+ Qxf6 37. Bxf6 gxh3+ 38. Kh2 Kxf6 39. Qf4+ Ke6 40. Qf5+ Ke7 41. Qg5+ 1/2-1/2

[Event "Noale Szabados Memorial-B 3rd"]
[Site "Noale"]
[Date "2010.02.06"]
[Round "3"]
[White "De Marchi, Alessandro"]
[Black "Bonan, Yves"]
[Result "1/2-1/2"]
[WhiteElo "1630"]
[BlackElo "1876"]
[PlyCount "75"]
[EventDate "2010.02.05"]
[EventType "swiss"]
[EventRounds "5"]
[EventCountry "ITA"]
[SourceTitle "EXT 2022"]
[Source "ChessBase"]
[SourceDate "2021.10.06"]
[SourceVersion "1"]
[SourceVersionDate "2021.10.06"]
[SourceQuality "1"]

1. c4 g6 2. Nc3 Bg7 3. Nf3 Nf6 4. g3 d6 5. Bg2 Nc6 6. 0-0 0-0 7. d4 Bg4 8. h3 Bxf3 9. Bxf3 Nd7 10. Bxc6 bxc6 11. e4 c5 12. Be3 cxd4 13. Bxd4 Ne5 14. Bxe5 Bxe5 15. Rc1 c6 16. Na4 c5 17. Kg2 Rb8 18. b3 Qc7 19. f4 Bd4 20. f5 Qc6 21. Qg4 Bg7 22. fxg6 hxg6 23. Kh2 Qc8 24. Qxc8 Rfxc8 25. Rf3 Be5 26. Rcf1 f6 27. Nc3 Bxc3 28. Rxc3 Kf7 29. Rd3 Ke6 30. Kg2 a5 31. Rf2 Rb4 32. a3 Rb7 33. a4 Rcb8 34. Rff3 g5 35. g4 Ke5 36. Kf2 Ke6 37. Ke2 Rb4 38. Kd2 1/2-1/2

[Event "Padova op-A 12th"]
[Site "Padova"]
[Date "2009.12.15"]
[Round "4.19"]
[White "De Vito, Angelo"]
[Black "De Marchi, Alessandro"]
[Result "0-1"]
[WhiteElo "1440"]
[BlackElo "1654"]
[PlyCount "66"]
[EventDate "2009.12.13"]
[EventType "swiss"]
[EventRounds "9"]
[EventCountry "ITA"]
[SourceTitle "EXT 2024"]
[Source "ChessBase"]
[SourceDate "2023.10.10"]
[SourceVersion "1"]
[SourceVersionDate "2023.10.10"]
[SourceQuality "1"]

1. e4 c5 2. Nf3 d6 3. d4 cxd4 4. Nxd4 Nf6 5. Nc3 a6 6. Be3 e5 7. Nf3 h6 8. Bc4 Qc7 9. Bb3 Bg4 10. h3 Bh5 11. g4 Bg6 12. Nd5 Nxd5 13. Bxd5 Nd7 14. Nh4 Be7 15. Nxg6 fxg6 16. Qd2 Rc8 17. Bb3 Nc5 18. f3 Bh4+ 19. Ke2 Nxb3 20. cxb3 Qc2 21. Rac1 Qxd2+ 22. Bxd2 Kd7 23. Rhd1 Bg5 24. Rc3 Bxd2 25. Rxd2 g5 26. Kd3 h5 27. Rdc2 Rxc3+ 28. bxc3 hxg4 29. hxg4 Rh3 30. Ke3 Kc6 31. a4 Rh1 32. Rb2 Kc5 33. Ke2 Rh2+ 0-1

[Event "Padova op-A 12th"]
[Site "Padova"]
[Date "2009.12.14"]
[Round "3.19"]
[White "De Marchi, Alessandro"]
[Black "Zanini, Andrea"]
[Result "0-1"]
[WhiteElo "1654"]
[BlackElo "1669"]
[PlyCount "54"]
[EventDate "2009.12.13"]
[EventType "swiss"]
[EventRounds "9"]
[EventCountry "ITA"]
[SourceTitle "EXT 2024"]
[Source "ChessBase"]
[SourceDate "2023.10.10"]
[SourceVersion "1"]
[SourceVersionDate "2023.10.10"]
[SourceQuality "1"]

1. c4 c5 2. Nc3 g6 3. Nf3 Bg7 4. g3 b6 5. Bg2 Bb7 6. 0-0 Nf6 7. d3 0-0 8. Rb1 d6 9. Bd2 Nbd7 10. a3 Re8 11. b4 Rb8 12. Qc1 cxb4 13. axb4 d5 14. cxd5 Nxd5 15. Nxd5 Bxd5 16. Qa3 Ra8 17. Rfc1 Qb8 18. e4 Bb7 19. Bf4 e5 20. Be3 Rc8 21. Qb3 Rxc1+ 22. Rxc1 Qe8 23. Rc7 Bc8 24. Qd5 Qd8 25. Qc6 Nb8 26. Qc2 Na6 27. Qc6 Nxc7 0-1

[Event "Padova op 11th"]
[Site "Padova"]
[Date "2008.12.15"]
[Round "3"]
[White "Zanini, Andrea"]
[Black "De Marchi, Alessandro"]
[Result "1-0"]
[WhiteElo "1674"]
[BlackElo "1675"]
[PlyCount "35"]
[EventDate "2008.12.13"]
[EventType "swiss"]
[EventRounds "9"]
[EventCountry "ITA"]
[SourceTitle "CBM 127 Extra"]
[Source "ChessBase"]
[SourceDate "2009.01.08"]
[SourceVersion "2"]
[SourceVersionDate "2009.01.28"]
[SourceQuality "1"]

1. d4 d5 2. Nf3 Nf6 3. e3 c5 4. b3 a6 5. Bd3 Nc6 6. 0-0 e6 7. Bb2 Bd6 8. Nbd2 Qc7 9. c4 dxc4 10. bxc4 cxd4 11. exd4 0-0 12. a3 Re8 13. Re1 Rb8 14. d5 Ne7 15. Bxf6 gxf6 16. dxe6 fxe6 17. Ne4 Rf8 18. Nxd6 1-0

[Event "Chioggia op-B 02nd"]
[Site "Chioggia"]
[Date "2007.05.20"]
[Round "5"]
[White "De Marchi, Alessandro"]
[Black "Boscolo, Giampaolo"]
[Result "0-1"]
[WhiteElo "1603"]
[BlackElo "1718"]
[PlyCount "83"]
[EventDate "2007.05.18"]
[EventType "swiss"]
[EventRounds "5"]
[EventCountry "ITA"]
[SourceTitle "EXT 2022"]
[Source "ChessBase"]
[SourceDate "2021.10.06"]
[SourceVersion "1"]
[SourceVersionDate "2021.10.06"]
[SourceQuality "1"]

1. Nf3 Nc6 2. e4 e5 3. Bb5 d6 4. h3 a6 5. Ba4 Nf6 6. Qe2 Be7 7. c3 0-0 8. 0-0 b5 9. Bc2 Bb7 10. Re1 g6 11. d4 exd4 12. cxd4 Nb4 13. d5 Nxc2 14. Qxc2 Re8 15. Nd4 Qd7 16. a4 Bf8 17. Bd2 Bg7 18. Qd3 Re7 19. f3 Rae8 20. Na3 bxa4 21. Rec1 Rc8 22. Rc2 Qd8 23. Rac1 Nd7 24. Bg5 Nc5 25. Rxc5 dxc5 26. Bxe7 Qxe7 27. Ne2 Bxb2 28. Rc2 Bg7 29. Nc4 Rb8 30. Na5 Qd6 31. Qc4 a3 32. Nc1 Qg3 33. Ncb3 Be5 34. Kf1 Qh2 35. Qxc5 Bd6 36. Qa7 Qh1+ 37. Kf2 Rf8 38. Rc1 Qh2 39. Qxb7 Bg3+ 40. Ke3 Bf4+ 41. Kd4 Bxc1 42. Nxc1 0-1

[Event "Chioggia op-B 02nd"]
[Site "Chioggia"]
[Date "2007.05.20"]
[Round "4"]
[White "De Marchi, Alessandro"]
[Black "Goattin, Luca"]
[Result "0-1"]
[WhiteElo "1603"]
[BlackElo "1636"]
[PlyCount "68"]
[EventDate "2007.05.18"]
[EventType "swiss"]
[EventRounds "5"]
[EventCountry "ITA"]
[SourceTitle "EXT 2022"]
[Source "ChessBase"]
[SourceDate "2021.10.06"]
[SourceVersion "1"]
[SourceVersionDate "2021.10.06"]
[SourceQuality "1"]

1. d4 Nf6 2. c4 g6 3. Nc3 d5 4. cxd5 Nxd5 5. e4 Nxc3 6. bxc3 Bg7 7. Bb5+ Nd7 8. Be3 c5 9. Ne2 cxd4 10. Bxd4 e5 11. Be3 0-0 12. 0-0 a6 13. Ba4 b5 14. Bb3 Bb7 15. f3 Qc7 16. Qc2 Rac8 17. Rfd1 Nb6 18. Rd2 Rfd8 19. Rad1 a5 20. Rxd8+ Rxd8 21. Rxd8+ Qxd8 22. a3 Bf8 23. Bc1 Ba6 24. Bb2 Bh6 25. f4 exf4 26. Nd4 Qd7 27. Bc1 b4 28. axb4 axb4 29. g3 Bg7 30. gxf4 Bxd4+ 31. cxd4 Qxd4+ 32. Kg2 Bd3 33. Qa2 Bxe4+ 34. Kg3 Qc3+ 0-1